[Event "Elit(Manhem-Burgsvik)"]
[Site "?"]
[Date "2013.03.17"]
[Round "9"]
[White "Krupenski, Juri"]
[Black "Hultin, Johan"]
[Result "1-0"]
[WhiteElo "2317"]
[BlackElo "2345"]
[PlyCount "99"]

1. d4 d5 2. c4 c6 3. Nf3 Nf6 4. e3 e6 5. b3 c5 6. Bb2 Nc6 7. Bd3 cxd4 8. exd4
b6 9. O-O Be7 10. Nbd2 O-O 11. Qe2 Bb7 12. Rad1 Rc8 13. Rfe1 Re8 14. Ne5 Rc7
15. Qe3 Qc8 16. Nxc6 Bxc6 17. c5 bxc5 18. dxc5 d4 19. Bxd4 Rd8 20. Nc4 Rcd7 21.
Nd6 Bxd6 22. cxd6 Rxd6 23. Bxf6 gxf6 24. Bxh7+ Kf8 25. Rxd6 Rxd6 26. Qxa7 Rd5
27. Be4 Re5 28. Qa3+ Kg7 29. Qc1 Qa8 30. Bxc6 Qxc6 31. Rf1 Qa6 32. a4 Re2 33.
Qc4 Qxc4 34. bxc4 Ra2 35. Rc1 Kf8 36. c5 Ke7 37. c6 Kd8 38. c7+ Kc8 39. h4 Rxa4
40. g3 f5 41. Kg2 e5 42. Rc5 f6 43. Rc6 f4 44. g4 e4 45. Rxf6 f3+ 46. Kg3 Ra1
47. Kf4 Re1 48. Re6 Re2 49. Rxe4 Rxf2 50. Kg3 1-0

[Event "Elit(Manhem-Burgsvik)"]
[Site "?"]
[Date "2013.03.17"]
[Round "9"]
[White "Moberg, Karl Johan"]
[Black "Akerman, Axel"]
[Result "1-0"]
[WhiteElo "2348"]
[BlackElo "2127"]
[PlyCount "107"]

1. d4 d5 2. c4 c6 3. Nf3 Nf6 4. e3 a6 5. Bd3 b5 6. cxd5 cxd5 7. O-O Bg4 8. a4
b4 9. a5 Nc6 10. Nbd2 e6 11. Qc2 Qd7 12. Ne5 Nxe5 13. dxe5 Ng8 14. Nb3 Rc8 15.
Qd2 Qb7 16. f3 Bf5 17. Bxf5 exf5 18. Qd3 g6 19. Bd2 Rc4 20. Rac1 Ne7 21. Rxc4
dxc4 22. Qxc4 Bh6 23. Nc5 Qc6 24. Rc1 O-O 25. Nxa6 Qd7 26. Qc2 Rd8 27. Bxb4 Nd5
28. Bc5 f4 29. e4 Ne3 30. Bd6 f6 31. Nc5 Qa7 32. b4 Bg7 33. exf6 Rxd6 34. Qa2+
Kh8 35. fxg7+ Kxg7 36. h3 Qb8 37. Qb2+ Kh6 38. Kh2 Qd8 39. Nb7 Rd2 40. Nxd8
Rxb2 41. Rg1 Rxb4 42. Ne6 g5 43. h4 Ra4 44. Nxg5 Rxa5 45. Ne6 Kh5 46. Kh3 Nxg2
47. Rxg2 Re5 48. Ng7+ Kh6 49. Nf5+ Rxf5 50. exf5 Kh5 51. Rg5+ Kh6 52. Rg4 Kh5
53. Rxf4 h6 54. f6 1-0

[Event "Elit(Manhem-Burgsvik)"]
[Site "?"]
[Date "2013.03.17"]
[Round "9"]
[White "Larsson, Victor"]
[Black "Welin, Mats"]
[Result "0-1"]
[WhiteElo "2239"]
[BlackElo "2346"]
[PlyCount "64"]

1. d4 Nf6 2. c4 e6 3. Nc3 Bb4 4. e3 O-O 5. Bd3 d5 6. Nf3 c5 7. O-O Nc6 8. a3
Bxc3 9. bxc3 Qc7 10. cxd5 exd5 11. a4 Re8 12. Ba3 c4 13. Bc2 Qa5 14. Qc1 Bg4
15. Rb1 Qc7 16. Nd2 Bh5 17. f3 Rxe3 18. Ne4 Re2 19. Nxf6+ gxf6 20. Rb5 Bg6 21.
Bxg6 hxg6 22. Rxd5 Rae8 23. Qh6 Ne7 24. Rc5 Qd7 25. Rxc4 Nf5 26. Qh3 Kg7 27.
Qg4 Qe6 28. Rb4 Qe3+ 29. Kh1 Qxc3 30. Rb5 Qxa3 31. Rxf5 Re1 32. Rxe1 Rxe1# 0-1

[Event "Elit(Manhem-Burgsvik)"]
[Site "?"]
[Date "2013.03.17"]
[Round "9"]
[White "Landgren, Philip"]
[Black "Tuvesson, Mats"]
[Result "0-1"]
[WhiteElo "2344"]
[BlackElo "2149"]
[PlyCount "64"]

1. Nf3 c5 2. b3 d5 3. g3 Nc6 4. Bb2 Nf6 5. Bg2 g6 6. Ne5 Bg7 7. Nxc6 bxc6 8. c4
O-O 9. O-O Be6 10. Qc2 Qb6 11. Nc3 dxc4 12. bxc4 Bxc4 13. Na4 Qa6 14. d3 Bd5
15. e4 Be6 16. Nxc5 Qc8 17. Nxe6 Qxe6 18. Rfc1 Rac8 19. Qa4 Rfd8 20. Bf1 Rc7
21. Qa5 Ne8 22. Bxg7 Kxg7 23. Rc5 Rb8 24. Qc3+ Kg8 25. e5 Rb5 26. Bg2 Rxc5 27.
Qxc5 Ng7 28. a4 Qb3 29. Bxc6 Ne6 30. Qd5 Qc3 31. Rb1 Qxc6 32. Rb8+ Kg7 0-1

[Event "Elit(Eksjo-Orgryte)"]
[Site "?"]
[Date "2013.03.17"]
[Round "9"]
[White "Frisk Kockum, Anton"]
[Black "Cicak, Slavko"]
[Result "1-0"]
[WhiteElo "2408"]
[BlackElo "2567"]
[PlyCount "81"]

1. d4 Nf6 2. Nf3 d6 3. c4 c6 4. Nc3 Bg4 5. e3 Nbd7 6. Be2 g6 7. O-O Bxf3 8.
Bxf3 Bg7 9. b4 O-O 10. Qb3 Qc7 11. Bb2 e5 12. Rad1 Rfe8 13. g3 e4 14. Bg2 Nb6
15. c5 Nbd5 16. cxd6 Qxd6 17. b5 Nxc3 18. Bxc3 cxb5 19. Qxb5 a6 20. Qb3 b5 21.
Rc1 Qd7 22. Ba5 Rac8 23. Qb1 Qe6 24. Rfd1 Bf8 25. Rd2 Rxc1+ 26. Qxc1 Nd5 27.
Rc2 Qd7 28. Bf1 Bb4 29. Bxb4 Nxb4 30. Rc7 Nxa2 31. Qc5 Qd8 32. Bh3 Qb8 33. d5
Nb4 34. d6 Nd3 35. Qd5 Rf8 36. Qxe4 Nb2 37. Qe7 Nc4 38. Be6 Ne5 39. f4 Qb6 40.
Kf2 Qa5 41. Ke2 1-0

[Event "Elit(Eksjo-Orgryte)"]
[Site "?"]
[Date "2013.03.17"]
[Round "9"]
[White "Vernersson, Per"]
[Black "Ziegler, Ari"]
[Result "1/2-1/2"]
[WhiteElo "2421"]
[BlackElo "2436"]
[PlyCount "104"]

1. d4 Nf6 2. c4 c5 3. d5 b5 4. cxb5 a6 5. bxa6 g6 6. Nc3 Bxa6 7. g3 d6 8. Bg2
Bg7 9. Nh3 O-O 10. O-O Nbd7 11. Qc2 Qa5 12. Rb1 Rfb8 13. Rd1 Ne8 14. Bd2 Nc7
15. a4 Qb6 16. b3 Bc8 17. Nf4 Ne5 18. h3 Na6 19. Na2 Bf5 20. e4 Bd7 21. Nd3
Nxd3 22. Qxd3 Bd4 23. Bc3 Bxc3 24. Nxc3 Nb4 25. Qe2 f5 26. e5 Rf8 27. e6 Bc8
28. Bf1 Ba6 29. Qd2 Bxf1 30. Rxf1 f4 31. g4 Qa5 32. Nb5 Rf6 33. h4 f3 34. Rfe1
Raf8 35. Re4 Qa8 36. Rd1 Kg7 37. Kh2 h6 38. Nc3 g5 39. hxg5 Rg6 40. gxh6+ Rxh6+
41. Kg3 Rff6 42. g5 Rhg6 43. Rh4 Rf5 44. Rh5 Qg8 45. Kg4 Re5 46. Qf4 Nxd5 47.
Rxd5 Qxe6+ 48. Kg3 Rxd5 49. Nxd5 Qxd5 50. Qxf3 Qe5+ 51. Kg2 d5 52. a5 c4
1/2-1/2

[Event "Elit(Eksjo-Orgryte)"]
[Site "?"]
[Date "2013.03.17"]
[Round "9"]
[White "Arnelind, Mikael"]
[Black "Bejtovic, Jasmin"]
[Result "1/2-1/2"]
[WhiteElo "2231"]
[BlackElo "2469"]
[PlyCount "120"]

1. d4 Nf6 2. c4 g6 3. Nc3 Bg7 4. e4 d6 5. Nf3 O-O 6. Be2 c5 7. O-O cxd4 8. Nxd4
Nc6 9. Be3 Nxd4 10. Bxd4 Bd7 11. Qd2 Bc6 12. f3 a5 13. Rac1 Nd7 14. Be3 Nc5 15.
b3 e6 16. Nb5 Be5 17. Bg5 Qb6 18. Kh1 Rfe8 19. Rc2 Rac8 20. Bh4 d5 21. exd5
exd5 22. Nd4 Bd7 23. cxd5 Na6 24. Rxc8 Rxc8 25. Bf2 Qd6 26. Nb5 Bxb5 27. Bxb5
Bxh2 28. Rc1 Rd8 29. Rd1 Nc7 30. Bc4 b5 31. Bf1 Bf4 32. Qd4 g5 33. Qb6 Qf8 34.
g3 Bd6 35. Kg2 b4 36. Bc4 Qh6 37. Qd4 Re8 38. Rh1 Qg7 39. Qg4 f6 40. Bd3 h6 41.
Rc1 Qf7 42. Rc6 h5 43. Qf5 Re5 44. Qc8+ Re8 45. Qb7 Qd7 46. Bc4 Kg7 47. Qb6 Rd8
48. Bc5 Be5 49. d6 Na8 50. Qb5 h4 51. Ra6 h3+ 52. Kh2 Qf5 53. Qb7+ Kh6 54. Qe4
Bxg3+ 55. Kxg3 Qxc5 56. d7 Qg1+ 57. Kxh3 Qh1+ 58. Kg3 Qg1+ 59. Kh3 Qh1+ 60. Kg3
Qg1+ 1/2-1/2

[Event "Elit(Eksjo-Orgryte)"]
[Site "?"]
[Date "2013.03.17"]
[Round "9"]
[White "Malesevic, Nedeljko"]
[Black "Gajic, Mladen"]
[Result "1/2-1/2"]
[WhiteElo "2341"]
[BlackElo "2300"]
[PlyCount "120"]

1. d4 d5 2. Nf3 Nf6 3. c4 c6 4. Nc3 e6 5. cxd5 exd5 6. Bg5 Be7 7. Qc2 g6 8. e3
Bf5 9. Bd3 Bxd3 10. Qxd3 Nbd7 11. O-O O-O 12. Rab1 a5 13. h3 Re8 14. Bf4 Nb6
15. Nd2 Ra7 16. Rfc1 Bd6 17. Bxd6 Qxd6 18. Qc2 Kg7 19. Na4 Nxa4 20. Qxa4 Nd7
21. Rc3 Re6 22. Rbc1 h5 23. Nf3 Qe7 24. Qd1 h4 25. Ne5 Nxe5 26. dxe5 Ra6 27.
Qd4 Kg8 28. f4 f6 29. exf6 Rxf6 30. Rf1 Ra8 31. Rf3 Re6 32. Qd2 Re4 33. Rd3 a4
34. Qf2 Rf8 35. g4 hxg3 36. Qxg3 Kh7 37. Rd2 Rf5 38. Rg2 Qf6 39. Rd2 c5 40. Qg2
d4 41. exd4 cxd4 42. Rdf2 b5 43. Qg4 b4 44. Kg2 d3 45. Rxd3 Rexf4 46. Rxf4 Rxf4
47. Qe2 Qg5+ 48. Kh2 Qf5 49. Kg2 Re4 50. Qd2 Re7 51. Rd4 g5 52. Rxb4 Rc7 53.
Qe3 Qf6 54. Rb6 Qf5 55. Rb4 Qf6 56. Qe4+ Kg8 57. Qd5+ Kh7 58. Rb7 Rxb7 59.
Qxb7+ Kh6 60. a3 Qd4 1/2-1/2

[Event "Elit(Eksjo-Orgryte)"]
[Site "?"]
[Date "2013.03.17"]
[Round "9"]
[White "Ornstein, Axel"]
[Black "Eksmyr, Johan"]
[Result "1-0"]
[WhiteElo "2329"]
[BlackElo "2216"]
[PlyCount "97"]

1. c4 Nf6 2. Nc3 d5 3. cxd5 Nxd5 4. g3 g6 5. Bg2 Nb6 6. d3 Bg7 7. Be3 N8d7 8.
Qd2 h6 9. Nf3 Nf6 10. O-O c6 11. Rac1 Nbd5 12. Nxd5 Nxd5 13. Bd4 O-O 14. Bxg7
Kxg7 15. d4 Be6 16. Ne5 a5 17. Nd3 Nb4 18. a3 Nxd3 19. Qxd3 Qb6 20. Qc3 Qb3 21.
Qd2 Rfd8 22. Rc5 Rd6 23. e3 a4 24. Rfc1 Ra6 25. Be4 Rb6 26. R1c2 Qa2 27. Qc1
Bb3 28. Rd2 Re6 29. Bd3 Rd6 30. h4 h5 31. Kh2 f6 32. Ra5 Be6 33. Rxa4 Qd5 34.
e4 Qb3 35. Bc2 Qxb2 36. Qe1 Qc3 37. e5 Rd5 38. exf6+ Kxf6 39. Qe4 Bf5 40. Qf4
Rb2 41. Re2 e6 42. Qh6 Ke7 43. Ra8 c5 44. Qf8+ Kd7 45. Qd8+ Kc6 46. Ba4+ b5 47.
Ra6+ Kb7 48. Rb6+ Ka7 49. Qb8# 1-0